Ciencia antigua y civilización moderna /

Guardado en:
Autor Principal: Sarton, George
Formato: Libro
Publicado: México-buenos Aires : Fondo de Cultura Econ¢mica, 1960
Materias:
Etiquetas: Agregar Etiqueta
Sin Etiquetas, Sea el primero en etiquetar este registro!
LEADER 00535nam a22001815a 4500
001 CEM.cems005842
005 20060214000000.0
008 130507s1960##################000#0#####d
003 CEMS
082 0 4 |a 930 
100 1 |a Sarton, George 
245 1 0 |a Ciencia antigua y civilización moderna / 
260 |a México-buenos Aires :  |b Fondo de Cultura Econ¢mica,  |c 1960 
300 |a 132 p. 
653 |a Historia 
653 |a Historia 1er. año 
653 |a Historia antigua y medieval 
859 |a CEMS  |b BIB. CEMS - 11 de abril  |h 930  |i Sa77  |p 5972.77  |t Ej.1